| 000 | 00495nam a22001937a 4500 | ||
|---|---|---|---|
| 005 | 20170426144112.0 | ||
| 008 | 170426b xxu||||| |||| 00| 0 eng d | ||
| 020 |
_a9788190879798 _c₹ 100.00 |
||
| 040 | _aLoreto College | ||
| 041 | _aHindi | ||
| 082 |
_a891.43 _bJHA |
||
| 100 | _aJha, Brajkishore | ||
| 245 |
_aAnibarya hindi guide _cBrajkishore Jha |
||
| 260 |
_aKolkata _bJyoti Publication _c2016 |
||
| 300 |
_a131 p. _b20cm. |
||
| 650 | _aHindi Guide | ||
| 850 | _aLCLIB | ||
| 942 | _cBK | ||
| 999 |
_c41044 _d91523 |
||